[Event "30. Staufer-Open (A)"]
[Site "?"]
[Date "2018.01.03"]
[Round "4"]
[White "Rolf, Marco"]
[Black "Jurek, Josef"]
[Result "0-1"]
[WhiteElo "2045"]
[BlackElo "2260"]
[PlyCount "66"]
[EventDate "2018.??.??"]
[WhiteTeam "SK 1980 Gernsheim"]
[BlackTeam "SG Schwäbisch Gmünd 1872 e.V"]

1. d4 Nf6 2. Nf3 e6 3. e3 b6 4. Bd3 Bb7 5. Nbd2 c5 6. O-O Be7 7. b3 O-O 8. Bb2
d6 9. c4 Nbd7 10. e4 cxd4 11. Nxd4 Nc5 12. Qe2 Nxd3 13. Qxd3 a6 14. Rfd1 Re8
15. f3 Qc7 16. Rac1 Rad8 17. Nf1 Qb8 18. Ne3 Nd7 19. Qc3 Bf8 20. Ng4 f6 21. b4
Rc8 22. Qb3 Kh8 23. c5 bxc5 24. Nxe6 cxb4 25. Nxf8 Rxf8 26. Qxb4 Nc5 27. Kh1
Bxe4 28. Qd4 Bg6 29. Ba3 h5 30. Ne3 Rfe8 31. Nd5 Re5 32. Nf4 Bf7 33. Qxd6 Re1+
0-1

[Event "30. Staufer-Open (A)"]
[Site "?"]
[Date "2018.01.03"]
[Round "4"]
[White "Kreuzahler, Marc"]
[Black "Hildenbrand, Peter"]
[Result "1/2-1/2"]
[WhiteElo "2043"]
[BlackElo "2232"]
[PlyCount "36"]
[EventDate "2018.??.??"]
[WhiteTeam "SC Tettnang"]
[BlackTeam "SC Leimen"]

1. Nc3 d5 2. e4 d4 3. Nce2 c5 4. Ng3 e5 5. Bc4 Bd6 6. Nf3 Nf6 7. d3 h6 8. Bd2
a6 9. Qe2 Nc6 10. O-O Ne7 11. Nh4 b5 12. Bb3 g5 13. Nhf5 Nxf5 14. Nxf5 Bf8 15.
c3 Be6 16. cxd4 exd4 17. Bxe6 fxe6 18. Ng3 e5 1/2-1/2

[Event "30. Staufer-Open (A)"]
[Site "?"]
[Date "2018.01.03"]
[Round "4"]
[White "Hecht, Carsten"]
[Black "Lesny, Florian"]
[Result "1-0"]
[WhiteElo "2232"]
[BlackElo "2033"]
[PlyCount "39"]
[EventDate "2018.??.??"]
[WhiteTeam "LSV Turm Lippstadt"]
[BlackTeam "SK Niederbrechen 1948"]

1. e4 c5 2. Nf3 d6 3. d4 cxd4 4. Nxd4 Nf6 5. Nc3 a6 6. Bg5 e6 7. f4 Be7 8. Qf3
Qc7 9. O-O-O O-O 10. g4 b5 11. Bd3 Bb7 12. Qh3 h6 13. Bxh6 gxh6 14. g5 Nxe4 15.
Nxe4 d5 16. Nf6+ Bxf6 17. Qxh6 Qxf4+ 18. Kb1 Rc8 19. Bh7+ Kh8 20. Bg6+ 1-0

[Event "30. Staufer-Open (A)"]
[Site "?"]
[Date "2018.01.03"]
[Round "4"]
[White "Mock, Markus"]
[Black "Michalczak, Thomas"]
[Result "0-1"]
[WhiteElo "1985"]
[BlackElo "2208"]
[PlyCount "66"]
[EventDate "2018.??.??"]
[WhiteTeam "FC Ergolding 1932 e.V."]
[BlackTeam "Schachgesellschaft Solingen e.V."]

1. d4 Nf6 2. Bf4 d5 3. e3 c5 4. c3 Nc6 5. Nd2 Bf5 6. Qb3 Qd7 7. Bb5 c4 8. Qa4
a6 9. Ngf3 Rc8 10. Bxc6 Qxc6 11. Qxc6+ Rxc6 12. Ne5 Rc8 13. h3 h6 14. g4 Bh7
15. O-O e6 16. Bh2 Be7 17. f3 O-O 18. Rfc1 Rfd8 19. b4 a5 20. a3 axb4 21. axb4
Ra8 22. Kf2 Ne8 23. f4 Nd6 24. Nef3 Rxa1 25. Rxa1 Nb5 26. g5 Bf5 27. gxh6 gxh6
28. Ne5 f6 29. Rg1+ Kh7 30. Nexc4 dxc4 31. Nxc4 Nxc3 32. Na5 Bxb4 33. Nxb7 Re8
0-1

[Event "30. Staufer-Open (A)"]
[Site "?"]
[Date "2018.01.03"]
[Round "4"]
[White "Hund, Sarah"]
[Black "Degenhard, Simon"]
[Result "1-0"]
[WhiteElo "1964"]
[BlackElo "2195"]
[PlyCount "57"]
[EventDate "2018.??.??"]
[WhiteTeam "Karlsruher SF 1853"]
[BlackTeam "Heilbronner SV"]

1. e4 c5 2. Nc3 g6 3. f4 Bg7 4. Nf3 Nc6 5. Bb5 Nd4 6. a4 a6 7. Bc4 e6 8. O-O
Ne7 9. d3 O-O 10. Nxd4 cxd4 11. Ne2 d5 12. Bb3 Qb6 13. Ng3 dxe4 14. dxe4 d3+
15. Kh1 dxc2 16. Bxc2 Rd8 17. Qe2 Nc6 18. Be3 Qxb2 19. Rab1 Nd4 20. Bxd4 Qxd4
21. e5 Qa7 22. Qf3 Rb8 23. Ne4 Bd7 24. Qh3 Bc6 25. Ng5 h6 26. Bxg6 hxg5 27.
fxg5 Be8 28. Bh7+ Kf8 29. Qa3+ 1-0

[Event "30. Staufer-Open (A)"]
[Site "?"]
[Date "2018.01.03"]
[Round "4"]
[White "Jansen, Dirk Norbert"]
[Black "Huber, Lukas"]
[Result "1-0"]
[WhiteElo "2180"]
[BlackElo "1922"]
[PlyCount "39"]
[EventDate "2018.??.??"]
[WhiteTeam "Schachvereinigung 1920 Plettenbe"]
[BlackTeam "SC Tannhausen 1986 e.V."]

1. e4 e6 2. Nf3 d5 3. e5 Be7 4. d4 c5 5. c3 Nc6 6. Bd3 Bd7 7. O-O cxd4 8. cxd4
Qb6 9. Nc3 Nxd4 10. Nxd4 Qxd4 11. Nb5 Qxe5 12. Re1 Qb8 13. Qf3 Bxb5 14. Bxb5+
Kf8 15. Rxe6 Nf6 16. Rxe7 Kxe7 17. Bf4 Qc8 18. Qa3+ Kd8 19. Qd6+ Nd7 20. Rc1
1-0

[Event "30. Staufer-Open (B)"]
[Site "?"]
[Date "2018.01.03"]
[Round "4"]
[White "Ries, Florian"]
[Black "Neuber, Pascal"]
[Result "1-0"]
[WhiteElo "1952"]
[BlackElo "1654"]
[PlyCount "83"]
[EventDate "2018.??.??"]
[WhiteTeam "SK Dinkelsbühl e.V."]
[BlackTeam "Schachgemeinschaft 2011 Sennewit"]

1. d4 c5 2. c3 cxd4 3. cxd4 Nf6 4. Nc3 d5 5. Nf3 g6 6. Bf4 Nc6 7. e3 Bg7 8. Bd3
O-O 9. O-O Bg4 10. h3 Bxf3 11. Qxf3 Qd7 12. Rac1 Rac8 13. Bb5 a6 14. Ba4 b5 15.
Bb3 e6 16. Qe2 Na5 17. Bc2 Nc4 18. Bd3 Rfe8 19. b3 Nb6 20. Nxb5 Bf8 21. Nc7
Red8 22. Bxa6 Rb8 23. Bb5 Qe7 24. Na6 Rbc8 25. Bc7 Rxc7 26. Rxc7 Qa3 27. Rc2
Ne4 28. Rfc1 Bd6 29. Nc5 Nf6 30. Nb7 Rb8 31. Nxd6 Qxd6 32. Bd3 Qb4 33. Qd2 Qa3
34. Rc5 Qa8 35. a4 Nbd7 36. Ra5 Qb7 37. Rb5 Qa7 38. Rxb8+ Qxb8 39. b4 Qa7 40.
a5 Qb8 41. b5 Ne8 42. Qc3 1-0

[Event "30. Staufer-Open (B)"]
[Site "?"]
[Date "2018.01.03"]
[Round "4"]
[White "Petrashov, Alexander"]
[Black "Klingler, Tobias"]
[Result "1-0"]
[WhiteElo "1992"]
[BlackElo "1855"]
[PlyCount "109"]
[EventDate "2018.??.??"]
[WhiteTeam "SC Noris-Tarrasch Nürnberg 1873"]
[BlackTeam "SK Dinkelsbühl e.V."]

1. d4 d5 2. Nf3 Bf5 3. c4 e6 4. Nc3 Nf6 5. Bg5 c6 6. e3 Be7 7. Bd3 Ne4 8. Bxe7
Qxe7 9. O-O Nxc3 10. bxc3 Bxd3 11. Qxd3 Nd7 12. Rab1 Nb6 13. cxd5 exd5 14. Rfe1
O-O 15. e4 Qa3 16. e5 f6 17. exf6 Rxf6 18. Ng5 g6 19. Qh3 h5 20. Re2 Qd6 21.
Rbe1 Qf4 22. Re8+ Rxe8 23. Rxe8+ Kg7 24. Ne6+ Rxe6 25. Qxe6 Qc1+ 26. Qe1 Qxe1+
27. Rxe1 Kf7 28. f3 Na4 29. Rc1 b5 30. Kf2 Kf6 31. Ke3 Nb6 32. h4 Kf5 33. g3
Kf6 34. g4 Nc4+ 35. Kd3 Nd6 36. gxh5 gxh5 37. Rg1 Nf5 38. Rg5 Nxh4 39. Rxh5 Ng6
40. Ke3 a5 41. f4 Ne7 42. Kf3 Nf5 43. a3 Nd6 44. Kg4 Kg7 45. Rg5+ Kf7 46. f5
Ne4 47. Rg6 Nxc3 48. Rxc6 Nb1 49. Kg5 Nxa3 50. Rc7+ Ke8 51. f6 Nc4 52. f7+ Kf8
53. Kf6 Nd6 54. Ra7 Nxf7 55. Ra8+ 1-0

[Event "30. Staufer-Open (B)"]
[Site "?"]
[Date "2018.01.03"]
[Round "4"]
[White "Held, Maurice"]
[Black "Hammerl, Jonas"]
[Result "1-0"]
[WhiteElo "1959"]
[BlackElo "1646"]
[PlyCount "81"]
[EventDate "2018.??.??"]
[WhiteTeam "SC Ladja Roßdorf"]
[BlackTeam "FC Ergolding 1932 e.V."]

1. c4 Nf6 2. g3 g6 3. Bg2 Bg7 4. Nc3 O-O 5. e3 d6 6. Nge2 e5 7. O-O Re8 8. Qc2
Bf5 9. Qb3 e4 10. Qxb7 Nbd7 11. Nb5 a6 12. Nbd4 Nc5 13. Qb4 Bd7 14. Qc3 h5 15.
b4 Na4 16. Qc2 c5 17. bxc5 dxc5 18. Nb3 Bf5 19. Rb1 Nh7 20. Ba3 Rc8 21. Nf4 Ng5
22. Nd5 Qd7 23. h4 Nf3+ 24. Kh1 g5 25. hxg5 Nxg5 26. Nf4 Be5 27. Kh2 Kf8 28.
Rbe1 h4 29. Rh1 Bxf4 30. exf4 Nh7 31. Bxe4 Rxe4 32. Rxe4 Nf6 33. d3 h3 34. f3
Nxe4 35. dxe4 Be6 36. f5 Bxf5 37. exf5 Qc6 38. Qe4 Qd7 39. Re1 Kg8 40. f6 Rc6
41. Qf4 1-0

[Event "30. Staufer-Open (B)"]
[Site "?"]
[Date "2018.01.03"]
[Round "4"]
[White "Sielaff, Rudolf"]
[Black "Kirchner, Stefan"]
[Result "1-0"]
[WhiteElo "1942"]
[BlackElo "1533"]
[PlyCount "41"]
[EventDate "2018.??.??"]
[WhiteTeam "SC Waiblingen"]
[BlackTeam "SF Schöneck"]

1. d4 f5 2. e4 fxe4 3. Nc3 e3 4. Bxe3 Nf6 5. Nf3 d6 6. Bc4 Bg4 7. h3 Bf5 8. d5
a6 9. Nd4 c5 10. dxc6 b5 11. Bd5 Nxd5 12. Nxd5 Be4 13. c7 Qd7 14. cxb8=Q+ Rxb8
15. Nf3 Qc6 16. Nc3 Bg6 17. Qd5 Qd7 18. Nd4 e5 19. Ne6 Bf7 20. Nxf8 Rxf8 21.
Qd2 1-0

[Event "30. Staufer-Open (B)"]
[Site "?"]
[Date "2018.01.03"]
[Round "4"]
[White "Reindl, Knut"]
[Black "Hamm, Gerhard"]
[Result "1-0"]
[WhiteElo "1814"]
[BlackElo "1499"]
[PlyCount "87"]
[EventDate "2018.??.??"]
[WhiteTeam "SG Schwäbisch Gmünd 1872 e.V"]

1. c4 Nf6 2. Nf3 d5 3. cxd5 e6 4. dxe6 Bxe6 5. g3 Bd6 6. Bg2 O-O 7. O-O c6 8.
Nc3 Qd7 9. d3 Bh3 10. Bd2 Bxg2 11. Kxg2 Qe7 12. Bg5 Nbd7 13. Ne4 Rfe8 14. Nxd6
Qxd6 15. Bxf6 Nxf6 16. Re1 Rad8 17. Qb3 b6 18. Rad1 Qd5 19. Qxd5 Rxd5 20. Rc1
c5 21. Rcd1 h6 22. e3 Red8 23. d4 Ne4 24. Rc1 Rc8 25. Rc2 c4 26. Rec1 b5 27.
Nd2 Nxd2 28. Rxd2 b4 29. Rdc2 c3 30. bxc3 bxc3 31. Rxc3 Rxc3 32. Rxc3 Ra5 33.
a3 f5 34. Kf3 g5 35. g4 Kf7 36. gxf5 Rxf5+ 37. Ke2 Ra5 38. e4 Ra6 39. Ke3 Ke6
40. f4 gxf4+ 41. Kxf4 Kf7 42. d5 Ke7 43. Ke5 Rg6 44. Rc7+ 1-0